[Event "WEM-IMT 2018"]
[Site "Illertissen"]
[Date "2018.08.27"]
[Round "3"]
[White "Krassowizkij, Jaroslaw"]
[Black "Kabisch, Thilo"]
[Result "1-0"]
[WhiteElo "2439"]
[BlackElo "2314"]
[Annotator "TA"]
[PlyCount "93"]
[EventDate "2018.08.25"]
[EventType "tourn"]
[EventCountry "GER"]
[SourceTitle "playchess.com"]
[Source "ChessBase"]
[SourceQuality "1"]

{[%evp 12,93,63,64,64,58,58,58,64,71,65,55,77,91,80,64,78,67,72,67,77,77,79,63,100,62,135,102,106,79,107,75,77,73,315,264,295,302,285,296,904,870,827,580,545,523,485,0,469,413,419,419,419,404,386,300,293,285,275,229,211,219,210,219,257,241,254,208,263,210,191,183,397,388,585,616,5809,5704,29983,29984,29982,29983,29988,29989]} 1. e4 c5 2. Nf3 {[%cal Bg1f3,Bf3d4,Bd4f5,Bf5e3,Be3c4][%mdl 32]} a6 3. Nc3 Nc6 4. d4 cxd4 5. Nxd4 e5 6. Nf5 d6 {B28: Sicilian: 2 Nf3 a6 (O'Kelly Variation)} 7. Bc4 {LiveBook: 9 Games} (7. Ne3 Be7 8. Bc4 Nf6 9. O-O Be6 10. Bd5 Rc8 11. a3 O-O 12. h3 Qc7 13. Qd3 Nd4 14. f4 Qc5 15. Kh2 {½-½ (56) Kosteniuk,A (2534)-Dzagnidze,N (2566) Rome 2015}) 7... Be6 8. Nd5 g6 {White is slightly better.} 9. Nfe3 Bg7 10. O-O Nge7 11. Nxe7 (11. c3 {with more complications.} O-O 12. a4 Rc8 13. Qd3 Kh8 14. Rd1) 11... Nxe7 $146 ({Predecessor:} 11... Qxe7 12. Nd5 Bxd5 13. Qxd5 O-O 14. c3 {1-0 (50) Bae,T (2442)-Calavalle,G (2199) Gabicce Mare 2013}) 12. Bxe6 fxe6 13. Qg4 Qd7 14. Nc4 {Threatens to win with Nb6.} Nc8 15. a4 O-O 16. Ra3 Rb8 17. Be3 Qf7 18. Nd2 Ne7 ({Black should try} 18... d5 $14) 19. Rd3 d5 20. Bc5 Rbc8 21. Rf3 Bf6 22. Bd6 {Strongly threatening Bxe5!} Rxc2 $2 {[#]} (22... h5 $16 23. Qh3 (23. Qg3 Rxc2 24. Bxe5 Qg7 $14) 23... g5) 23. Bxe5 $1 $18 {[%mdl 512]} Nf5 {White must now prevent ...h5.} (23... Bxe5 24. Rxf7) 24. Bxf6 ({Not} 24. exf5 exf5 25. Rxf5 Qe6 $17) 24... Qxf6 25. exf5 {[%cal Be4f5,Bf5g6,Bg6h7][%mdl 32]} Rxd2 $2 (25... exf5 26. Qb4 Rxb2) 26. fxg6 Qe7 27. gxh7+ Kh8 28. Rg3 {Intending Qg8+ and mate.} Qf7 29. Rf3 Qe7 30. Rxf8+ Qxf8 31. Qxe6 Kxh7 {[%mdl 4096] Endgame KQR-KQR} 32. Qh3+ Qh6 {If only Black now had time for ...Qxh3....} 33. Qxh6+ Kxh6 {KR-KR} 34. Rb1 Kg5 35. Kf1 Kf4 36. Ke1 Rc2 37. Rd1 Ke4 {[#]} 38. Rd2 $1 {[%cal Rd2c2]} Rc4 39. b3 Rc3 40. f3+ {[%cal Bf2f3,Bf3f4,Bf4f5,Bf5f6,Bf6f7][%mdl 32]} Ke5 41. Re2+ Kd4 $2 (41... Kf5 42. Rb2 b5 43. axb5 axb5) 42. f4 Rxb3 (42... Kd3 {might work better.} 43. f5 d4) 43. f5 Kd3 44. f6 Rb6 45. f7 {White mates.} Rf6 46. Rf2 Rb6 47. Rf3+ {Precision: White = 80%, Black = 40%.} 1-0

[Event "WEM-IMT 2018"]
[Site "Illertissen"]
[Date "2018.08.27"]
[Round "3"]
[White "Haba, Petr"]
[Black "Baburin, Alexander"]
[Result "1/2-1/2"]
[WhiteElo "2436"]
[BlackElo "2458"]
[Annotator "TA"]
[PlyCount "98"]
[EventDate "2018.08.25"]
[EventType "tourn"]
[EventCountry "GER"]
[SourceTitle "playchess.com"]
[Source "ChessBase"]
[SourceQuality "1"]

{[%evp 16,98,54,46,44,29,44,25,59,35,29,28,43,28,31,30,32,33,33,31,27,29,35,30,29,29,29,32,28,37,58,17,27,0,0,0,0,0,0,0,0,0,0,0,0,0,-19,-17,0,0,0,0,0,0,0,0,0,0,0,0,0,0,0,0,0,0,0,0,0,0,0,0,0,0,0,0,0,0,0,0,0,0,0,0,0]} 1. e4 Nf6 2. e5 Nd5 3. d4 d6 4. Nf3 dxe5 5. Nxe5 c6 6. Be2 g6 {B04: Alekhine's Defence: 4 Nf3} (6... Bf5 7. O-O Nd7 8. Nf3 Qc7 9. Nh4 Be6 10. Re1 Rd8 11. Bf1 g6 12. c4 N5f6 13. Nc3 Bg7 14. h3 {1-0 (137) Grischuk,A (2772)-Ivanchuk,V (2726) Huaian 2017}) 7. c4 Nc7 8. Nc3 Bg7 9. Be3 {LiveBook: 7 Games} c5 10. Nf3 cxd4 11. Bxd4 Bxd4 $146 ({Predecessor:} 11... f6 12. O-O O-O 13. Be3 Nc6 14. Nd5 {1-0 (50) Kocsis,G (2290)-Mozes,E (2380) Sarospatak 1995}) 12. Qxd4 (12. Nxd4 {keeps more tension.} O-O 13. O-O Ne6 14. Nf3 Nc6 15. Re1) 12... Qxd4 13. Nxd4 Bd7 14. Bf3 Nc6 15. Nxc6 Bxc6 16. Bxc6+ bxc6 17. O-O-O Rd8 18. Rxd8+ Kxd8 $11 {[%mdl 4096] Endgame KRN-KRN} 19. Rd1+ Kc8 20. Ne2 Rd8 21. Rxd8+ Kxd8 {KN-KN} 22. b4 e5 23. Kd2 f5 24. f4 e4 {The position is equal.} 25. g4 fxg4 26. Ke3 Ne8 27. Kxe4 Nd6+ 28. Kd3 h5 29. Nd4 {[#] c5 is the strong threat.} Kd7 30. b5 cxb5 31. cxb5 h4 32. Ke2 $1 Kc7 33. a4 Kb6 34. Nc6 Ne4 35. Ne5 Nc3+ 36. Kf2 Nxa4 {[#] And now ...Nc5 would win.} 37. Nxg6 Kxb5 38. Nxh4 Nc3 39. Ke3 Nd5+ 40. Ke4 Kc5 41. Ng6 a5 {Threatens to win with ...a4.} 42. Kd3 a4 43. Ne5 Kb4 (43... a3 $5 44. Kc2 $8 Kb4 45. Nd3+ Ka4 $11) 44. Kc2 Ne3+ 45. Kb1 Kb3 {Hoping for ...a3.} 46. Nd3 a3 47. Nc5+ Kc4 48. Nd7 Kb3 {( -> ...a2+)} 49. Nc5+ Kc4 {Precision: White = 84%, Black = 76%.} 1/2-1/2

[Event "WEM-IMT 2018"]
[Site "Illertissen"]
[Date "2018.08.27"]
[Round "3"]
[White "Sinz, Bernhard"]
[Black "Kvetny, Mark"]
[Result "0-1"]
[WhiteElo "2377"]
[BlackElo "2421"]
[Annotator "TA"]
[PlyCount "92"]
[EventDate "2018.08.25"]
[EventType "tourn"]
[EventCountry "GER"]
[SourceTitle "playchess.com"]
[Source "ChessBase"]
[SourceQuality "1"]

{[%evp 23,92,10,14,-35,-39,-39,-33,-41,-28,-36,-13,-25,-26,-20,-19,-33,-24,-52,-46,-84,-33,-85,-85,-92,-96,-92,-85,-92,-102,-104,-82,-123,-122,-109,-106,-115,-117,-105,-29,-152,-154,-131,-145,-156,-134,-197,-176,-257,-247,-257,-266,-302,-269,-269,-182,-194,-176,-214,-208,-582,-565,-529,-550,-667,-595,-896,-835,-29990,-29990,-29991,-29992]} 1. e4 c6 2. d4 d5 3. Nd2 dxe4 4. Nxe4 Nf6 5. Nxf6+ exf6 6. c3 Bd6 7. Bd3 O-O 8. Qc2 Re8+ {B15: Caro-Kann (Flohr-Variante)} 9. Ne2 h5 (9... g6 10. h4 Nd7 11. h5 Nf8 12. Be3 Be6 13. O-O-O a5 14. Kb1 a4 15. hxg6 fxg6 16. c4 Bf7 17. Nc3 a3 18. b3 f5 {0-1 (29) Saric,I (2669)-Jobava,B (2690) Riadh 2017}) 10. Bd2 Nd7 {[%cal Bb8d7,Bd7f8,Bf8g6,Bg6e7,Be7f5][%mdl 32]} 11. O-O-O Nf8 12. Kb1 Be6 {LiveBook: 3 Partien} 13. Nf4 Bxf4 $1 14. Bxf4 b5 15. Be4 Qd7 $146 ({Vorgänger:} 15... Bd5 16. Rhe1 Bxe4 17. Rxe4 {0-1 (52) Abrahamyan,T (2364)-Krush,I (2444) Saint Louis 2017}) 16. h3 Ng6 17. Bc1 h4 18. Rhe1 a5 19. Ka1 Ne7 20. g3 hxg3 21. Rg1 Bf5 (21... a4 $17 {zielt auf ...Lb3! ab.} 22. Rde1 b4 23. Rxg3 b3) 22. Rxg3 (22. f3 $15) 22... Bxe4 $17 23. Qxe4 Nf5 24. Qg4 Qd5 $1 25. Rf3 g6 $36 {[%mdl 2048] Schwarz bestimmt, wo es lang geht.} 26. Rg1 {Droht Txf5 und aus.} Kf8 27. Rf4 Re6 $1 28. h4 Ng7 29. Rf3 Rae8 {[%cal Ba8e8,Be8e6,Be6e4][%mdl 32]} 30. Re3 Qh5 (30... Rxe3 $17 31. fxe3 f5) 31. Qf4 (31. Qxh5 $11 {hält das Gleichgewicht.} Nxh5 32. Kb1) 31... Nf5 32. Rxe6 Rxe6 33. Rh1 Kg7 34. Be3 (34. f3 $17) 34... Ne7 35. Rg1 (35. Qg3 {war nötig.}) 35... Nd5 $19 36. Qg3 Re4 37. Rh1 a4 38. a3 f5 {[%cal Bf6f5,Bf5f4][%mdl 32]} 39. Bg5 {[#]} f4 $1 {[%cal Rf4g3]} 40. Qh3 f6 41. Qd7+ $2 {[#]} (41. Bxf4 Rxf4 42. Qd7+ Kh6 43. Qxc6) 41... Ne7 $1 42. Bxf4 Qf3 43. Rg1 Qxf4 44. h5 {beabsichtigt De8.} Qxf2 45. Rxg6+ Kf7 46. Ka2 Re2 {Precision: Weiß = 24%, Schwarz = 72%.} 0-1

[Event "WEM-IMT 2018"]
[Site "Illertissen"]
[Date "2018.08.27"]
[Round "3"]
[White "Hirneise, Jens"]
[Black "Fischer, Sebastian"]
[Result "1/2-1/2"]
[WhiteElo "2344"]
[BlackElo "2292"]
[Annotator "TA"]
[PlyCount "59"]
[EventDate "2018.08.25"]
[EventType "tourn"]
[EventCountry "GER"]
[SourceTitle "playchess.com"]
[Source "ChessBase"]
[SourceQuality "1"]

{[%evp 19,59,15,22,10,47,36,45,15,21,17,35,20,77,28,46,31,37,33,43,0,6,-62,0,-34,-24,-25,-31,-175,-147,-143,-64,-90,-69,-88,-83,-131,-95,-110,-113,-89,0,-87]} 1. e4 d5 2. exd5 Qxd5 3. Nc3 Qa5 4. d4 Nf6 5. Bd2 Bg4 6. f3 {B01: Scandinavian Defence} Bd7 7. Bc4 Qb6 8. Nge2 e6 9. O-O Be7 10. a4 a5 {LiveBook: 4 Games} 11. Ne4 Nc6 $146 ({Predecessor:} 11... c5 12. dxc5 Bxc5+ 13. Kh1 Nxe4 14. fxe4 {1-0 (33) Naiditsch,A (2710)-Stevic,H (2626) Bol 2013}) 12. Kh1 Nb4 13. c3 Nbd5 14. Qc2 c6 15. Bd3 Rd8 (15... c5 $11 {remains equal.}) 16. Rad1 h6 {[%cal Bh7h6,Bh6h5,Bh5h4,Bh4h3][%mdl 32]} 17. N2g3 h5 18. Ng5 h4 19. Ne2 Kf8 20. f4 ({Better is} 20. Ne4 $11) 20... Qc7 (20... h3 $15 21. Nxh3 (21. gxh3 c5 $15) 21... c5) 21. c4 Nb4 $36 {[%mdl 2048] Black has some pressure.} 22. Bxb4 axb4 23. Nf3 (23. h3 $15) 23... h3 $19 24. g3 c5 (24... Ng4 $17 {Threatens to win with ...Ne3.} 25. Qb3 Ne3) 25. f5 $1 $15 cxd4 {[#] aiming for ...e5.} 26. fxe6 $1 Bxe6 27. Nexd4 Bd7 28. b3 Bc5 29. Bf5 Be8 (29... Re8 $17) 30. Rd2 {Precision: White = 29%, Black = 36%.} (30. g4 $11) 1/2-1/2

[Event "WEM-IMT 2018"]
[Site "Illertissen"]
[Date "2018.08.28"]
[Round "4"]
[White "Ochsner, Bjorn Moller"]
[Black "Sinz, Bernhard"]
[Result "1-0"]
[WhiteElo "2462"]
[BlackElo "2377"]
[Annotator "TA"]
[PlyCount "113"]
[EventDate "2018.08.25"]
[EventType "tourn"]
[EventCountry "GER"]
[SourceTitle "playchess.com"]
[Source "ChessBase"]
[SourceQuality "1"]

{[%evp 24,112,16,8,29,10,33,6,31,32,16,0,0,-3,0,0,47,12,86,49,40,11,32,14,43,2,31,38,85,93,110,55,59,52,60,65,78,80,82,82,86,84,76,45,47,0,-4,-10,-10,-10,-12,-8,74,0,0,-52,37,-18,166,165,116,155,279,279,387,375,358,325,368,401,891,879,775,445,583,509,497,495,726,501,467,353,377,364,342,165,419,419,2112,1918,29999]} 1. e4 e5 2. Nf3 Nc6 3. Bb5 {[%cal Bf1b5,Bb5a4,Ba4b3][%mdl 32]} a6 4. Ba4 Nf6 5. O-O Be7 6. Re1 b5 7. Bb3 O-O 8. a4 b4 9. a5 d6 10. d3 Be6 11. Bxe6 {C88: Closed Ruy Lopez: Anti-Marshall Systems} fxe6 12. Nbd2 (12. h3 Qb8 13. c3 Qb5 14. c4 Qb7 15. Nbd2 Nd7 16. Nb3 Nd8 17. d4 exd4 18. Nbxd4 c5 19. Nxe6 Nxe6 {½-½ (36) Vachier Lagrave,M (2789)-Aronian,L (2794) Karlsruhe/Baden-Baden 2018}) 12... Rb8 13. Nb3 {LiveBook: 6 Games. The position is equal.} Qd7 14. h3 Nd8 $146 ({Predecessor:} 14... h6 15. c3 bxc3 16. bxc3 Rb5 17. d4 Rfb8 18. dxe5 Nxe5 19. Nxe5 Rxe5 {1-0 (62) Huschenbeth,N (2571)-Dragnev,V (2485) Le Castella 2018}) 15. d4 exd4 16. e5 Ne8 17. exd6 cxd6 18. Qxd4 Qc8 19. Qd3 Nf6 20. Nbd4 d5 (20... Nd7 $1 $11) 21. Bf4 $36 {[%mdl 2048] White has some pressure.} Ra8 $1 22. Re2 Ne4 23. Bh2 Bf6 24. Ne5 Ra7 25. f3 Nc5 26. Qd2 Rb7 27. Ng4 ({Better is} 27. c3 $16) 27... Be7 28. Rae1 Bh4 29. Rd1 Nf7 30. Kh1 Bd8 31. Rde1 {[%cal Rd4e6]} Bh4 32. Ra1 Re8 33. Qf4 Bd8 34. Ne5 (34. Rae1 $14) 34... Nxe5 $11 35. Qxe5 Bf6 36. Qe3 e5 37. Nb3 Rc7 (37... Rb5 $11 {keeps the balance.}) 38. Qd2 (38. Rae1 $16) 38... Qb7 39. Nd4 (39. Rae1 $11) 39... Rcc8 (39... g6 $15) 40. Nf5 (40. Qe1 $14) 40... Rcd8 $2 {[#]} (40... Qd7 $11 {and Black has nothing to worry.} 41. Ne3 d4) 41. Rae1 $18 {[%cal Rh2e5]} Qb8 42. g4 {[%cal Bg2g4,Bg4g5][%mdl 32]} Qc8 (42... d4 $16) 43. Qxb4 {[%cal Rh2e5]} (43. Bxe5 Ne4 $16) 43... g6 44. Nh6+ {[%cal Bf5h6,Bh6g4,Bg4f6][%mdl 32]} Kg7 45. Bxe5 Bxe5 46. Rxe5 Ne6 (46... Rxe5 $142 47. Rxe5 Re8 48. Rxe8 (48. Rxd5 Ne6 $18) 48... Qxe8) 47. g5 d4 48. Ng4 Qc6 49. R5e4 Rb8 50. Qd2 Rb5 (50... Rxb2 $142 51. Rxe6 Rxe6 52. Rxe6 Rb1+ 53. Re1 Qxf3+ 54. Kh2 Rxe1 55. Qxe1 Qf4+ 56. Qg3 Qd2+ 57. Nf2 Qxc2 58. Qe5+ Kf7 59. Qf6+ Kg8 60. Qe6+ Kf8 61. Qf6+ Kg8 62. Qd8+ Kf7 63. Qd7+ Kg8 64. Qe8+ Kg7 65. Qd7+ Kg8 66. Qd5+ Kf8 67. Qxd4 Kf7 68. Qd7+ Kf8) 51. Nf6 Re7 52. Qxd4 Rxg5 53. Ne8+ ({Weaker is} 53. Qb4 Rf7 $16) 53... Kg8 54. Qf6 ({Resist} 54. Nf6+ Kg7 $18) (54. Qd6 $142 Qxe8 55. Rxe6 Rxe6 56. Rxe6 (56. Qxe6+ Qxe6 57. Rxe6 Rxa5 $16)) 54... Qxc2 $2 {[#]} (54... Qxe8 55. Rxe6 Rxe6 56. Rxe6 (56. Qxe6+ Qxe6 57. Rxe6 Rxa5 $16) 56... Qd7 57. Qxg5 Qxe6) 55. R4e2 Qc6 (55... Qf5 $142) 56. Rxe6 Rxe6 57. Qg7# {Precision: White = 51%, Black = 31%.} 1-0

[Event "WEM-IMT 2018"]
[Site "Illertissen"]
[Date "2018.08.28"]
[Round "4"]
[White "Baburin, Alexander"]
[Black "Kvetny, Mark"]
[Result "1/2-1/2"]
[WhiteElo "2458"]
[BlackElo "2421"]
[Annotator "TA"]
[PlyCount "70"]
[EventDate "2018.08.25"]
[EventType "tourn"]
[EventCountry "GER"]
[SourceTitle "playchess.com"]
[Source "ChessBase"]
[SourceQuality "1"]

{[%evp 15,70,-1,0,-7,0,-26,-19,-23,-16,-21,-6,0,14,6,6,10,12,10,10,4,50,52,43,50,50,43,61,28,17,35,31,14,9,0,9,0,0,0,0,0,0,0,0,0,0,0,3,0,0,0,0,0,0,0,0,0,0]} 1. d4 Nf6 2. c4 d6 3. Nf3 Nbd7 4. g3 e5 5. Bg2 c6 6. Nc3 e4 7. Ng5 d5 8. cxd5 cxd5 {LiveBook: 37 Games} 9. Nh3 {A54: Old Indian Defence with Nf3, but without e4} (9. f3 h6 10. Nh3 exf3 11. exf3 Bb4 12. O-O O-O 13. Nf4 Nb6 14. Qb3 a5 15. Nd3 Be7 16. a4 Nc4 17. Nb5 Bd7 18. Bf4 Rc8 19. Na7 Ra8 20. Nb5 Rc8 21. Na7 Ra8 22. Nb5 {½-½ (22) Grachev,B (2628)-Morozevich,A (2683) Moscow 2016}) 9... Bb4 $146 ({Predecessor:} 9... Be7 10. f3 exf3 11. exf3 O-O 12. O-O Nb6 13. Nf4 h6 14. g4 a6 15. h3 Nc4 16. b3 Na3 {0-1 (47) Manafov,V (2263)-Zavgorodniy,S (2430) Batumi 2018}) 10. Bd2 Bxc3 11. Bxc3 O-O 12. Nf4 b6 13. O-O Bb7 14. a4 a5 15. b4 axb4 16. Bxb4 Re8 17. Qb3 Ba6 18. Nxd5 Nxd5 19. Qxd5 Nf6 20. Qxd8 Rexd8 21. Rfe1 Rxd4 22. Bc3 Rc4 23. Bxf6 (23. Be5 {keeps more tension.} Nd7 24. Bf4 Nc5 25. a5 b5 26. Rec1) 23... gxf6 {The position is equal.} 24. Rab1 Rxa4 25. Rxb6 Kg7 26. g4 Bc8 27. h3 f5 28. gxf5 Bxf5 29. e3 R8a5 30. Reb1 Bg6 31. R6b4 Rxb4 32. Rxb4 Rg5 33. Kh2 Rf5 34. Kg3 Rg5+ 35. Kh2 Rf5 {Precision: White = 63%, Black = 82%.} 1/2-1/2

[Event "WEM-IMT 2018"]
[Site "Illertissen"]
[Date "2018.08.28"]
[Round "4"]
[White "Haba, Petr"]
[Black "Krassowizkij, Jaroslaw"]
[Result "1-0"]
[WhiteElo "2436"]
[BlackElo "2439"]
[Annotator "TA"]
[PlyCount "99"]
[EventDate "2018.08.25"]
[EventType "tourn"]
[EventCountry "GER"]
[SourceTitle "playchess.com"]
[Source "ChessBase"]
[SourceQuality "1"]

{[%evp 18,99,-14,-12,0,-23,0,-18,93,108,123,107,108,105,102,116,103,85,97,115,160,170,166,159,166,160,158,158,162,159,202,190,200,180,196,195,195,190,151,91,97,89,95,70,52,26,18,18,10,18,90,90,90,83,83,83,83,83,95,90,108,108,115,108,108,115,836,766,713,468,1276,1283,1261,1261,1236,1236,1222,1220,1186,1160,1113,1080,1072,962]} 1. e4 e6 2. d4 d5 3. e5 c5 4. c3 Nc6 5. Nf3 Qb6 6. Bd3 cxd4 7. cxd4 Bd7 8. O-O Nxd4 9. Nbd2 {[%cal Bb1d2,Bd2f3,Bf3g5][%mdl 32]} Nxf3+ {C02: French: Advance Variation} (9... Nc6 10. Nb3 Nge7 11. Be3 Qd8 12. Nc5 Rb8 13. Rc1 Ng6 14. Bb5 Be7 15. Nxd7 Qxd7 16. Bxa7 Ra8 17. Be3 Rxa2 {1-0 (49) Topalov,V (2752)-Morozevich,A (2770) Astana 2012}) 10. Nxf3 {LiveBook: 14 Games} Bc5 11. a3 a5 {Black has an edge.} 12. Ng5 Bb5 $146 (12... Ne7 $11) ({Predecessor:} 12... Nh6 13. Nxh7 Nf5 14. Qh5 O-O-O 15. Bxf5 exf5 16. Bg5 Rde8 17. Rac1 {1-0 (42) Smerdon,D (2425)-Ly,M (2056) Mount Buller 2004}) 13. Qh5 $1 $16 g6 {[#]} 14. Qf3 $1 Nh6 {next ...Bxd3 is good for Black.} 15. Bxb5+ Qxb5 {[#]} 16. Nxe6 $1 {[%mdl 512]} fxe6 17. Bxh6 {Black must now prevent Rac1.} Qd7 18. Rac1 $36 {[%mdl 2048] Keeping Black busy.} Bf8 19. Qf6 Rg8 20. Rc7 $1 {[%cal Rc7d7]} Be7 21. Rxd7 {[%csl Gd7][%cal Rf6e7]} Bxf6 22. Rxb7 Bxe5 23. Re1 (23. Rxh7 $6 Rh8 $11) 23... Rb8 {[#]} 24. Ra7 $1 ({Don't do} 24. Rxh7 $6 Rh8 $16) 24... Rxb2 25. g3 ({And not} 25. Rxh7 Rh8 $15) 25... Bd4 26. Rxe6+ Kd8 27. Bg5+ ({Resist} 27. Rxh7 Rxf2 28. Bg5+ Kc8 $16) 27... Kc8 28. Rf7 ({White should try} 28. Ra8+ Rb8 29. Rxa5) 28... Rb7 29. Rc6+ Kb8 30. Bf4+ Ka7 $1 31. Rxb7+ Kxb7 $14 {[%mdl 4096] Endgame KRB-KRB} 32. Rd6 Bc5 33. Rxd5 Bxa3 (33... Kc6 $11 34. Re5 Rd8) 34. Rxa5 $16 Ra8 35. Rd5 (35. Re5 {looks sharper.} Kc6 36. h4 Bb4 37. Kg2 Ra5 38. Re8) 35... Kc6 36. Rd3 Bc5 37. Kg2 Ra2 38. Rf3 Kd7 39. Be3 Bxe3 40. Rxe3 {KR-KR} Ra4 41. Re2 h5 $2 {[%mdl 8192]} (41... Ra5 $16 42. f4 Kd6) 42. f4 $18 {White is clearly winning.} Ra5 43. Kh3 g5 (43... Kd6 $142 44. Kh4 Rb5) 44. fxg5 Rxg5 45. Kh4 Ra5 46. h3 Rb5 47. Ra2 Ke6 48. Ra6+ Kf7 49. Rh6 Kg7 50. Rxh5 {Precision: White = 78%, Black = 43%.} 1-0

[Event "WEM-IMT 2018"]
[Site "Illertissen"]
[Date "2018.08.28"]
[Round "4"]
[White "Kabisch, Thilo"]
[Black "Hirneise, Jens"]
[Result "0-1"]
[WhiteElo "2314"]
[BlackElo "2344"]
[Annotator "TA"]
[PlyCount "60"]
[EventDate "2018.08.25"]
[EventType "tourn"]
[EventCountry "GER"]
[SourceTitle "playchess.com"]
[Source "ChessBase"]
[SourceQuality "1"]

{[%evp 15,60,-1,0,-11,-8,-10,-5,-5,-10,-25,-12,-12,-26,-95,-95,-95,-95,-97,-101,-100,-102,-153,-87,-93,-78,-80,-78,-89,-75,-98,-79,-90,-65,-59,-40,-54,-54,-56,-10,-28,-33,-142,-31,-52,-90,-570,-124]} 1. e4 c5 2. Nf3 Nc6 3. d4 cxd4 4. Nxd4 Nf6 5. Nc3 d6 6. Bc4 e6 7. a3 Be7 {B88: Sicilian: Sozin Attack} 8. Ba2 O-O {LiveBook: 19 Games} 9. Be3 (9. O-O Bd7 10. Kh1 Nxd4 11. Qxd4 Bc6 12. Bg5 h6 13. Bh4 g5 14. Bg3 Nh5 15. Rae1 Qb6 16. Qd3 Nxg3+ 17. fxg3 Kg7 18. Nd5 Bxd5 19. exd5 {0-1 (55) Kabisch,T (2331)-Hirneise,J (2293) Stuttgart 2016}) 9... Bd7 {The position is equal.} (9... a6 10. O-O Qc7 11. f4 Nxd4 12. Bxd4 b5 13. Kh1 Bb7 14. Qf3 a5 15. b4 Rfc8 16. Qg3 axb4 17. axb4 Ra3 18. Bb3 Rxa1 19. Rxa1 {1-0 (36) Narayanan,S (2532)-Estremera Panos,S (2339) Stockholm 2018}) 10. Qe2 Nxd4 11. Bxd4 {[#]} b5 $146 {[%cal Bb7b5,Bb5b4][%mdl 544]} ({Predecessor:} 11... Bc6 12. Rd1 b5 13. O-O Qd7 14. f4 Qb7 {0-1 (29) Gurevich,M-Zotkin,Y Moscow (Russia) 1978}) 12. f3 (12. Nxb5 Qa5+) 12... Qb8 13. O-O a5 14. Rad1 (14. a4 $11 {keeps the balance.}) 14... b4 $36 {[%mdl 2048] Black is on the roll.} 15. Nb1 Bb5 16. Bc4 Bxc4 17. Qxc4 d5 18. Qe2 (18. exd5 $142 Nxd5 19. Qd3) 18... Rc8 ({Black should try} 18... e5 19. Bf2 bxa3 20. bxa3 dxe4 21. fxe4 Qb2) 19. e5 Nd7 20. f4 Bc5 21. c3 Ra7 22. Kh1 bxa3 23. bxa3 Rb7 24. f5 Bxd4 (24... Rb2 {is more complex.} 25. Qh5 Qb6 26. f6 g6 27. Qg5 Qd8) 25. cxd4 exf5 $1 26. Qf3 Nb6 27. Nc3 g6 28. Rb1 {[#]} (28. Kg1 $15) 28... Rd8 (28... Nc4 $1 $17 {[%cal Rc4d2] And now ...Nd2 would win.} 29. Qxd5 Rb6) 29. Rb5 Nc4 30. Rxd5 $2 {[%mdl 8192]} (30. Rfb1 $17 {nothing else works.} Rxb5 31. Rxb5) 30... Rc8 $2 {Precision: White = 39%, Black = 49%.} (30... Rxd5 $19 31. Nxd5 Nd2) 0-1

[Event "WEM-IMT 2018"]
[Site "Illertissen"]
[Date "2018.08.28"]
[Round "4"]
[White "Fischer, Sebastian"]
[Black "Pikula, Dejan"]
[Result "0-1"]
[WhiteElo "2292"]
[BlackElo "2466"]
[Annotator "TA"]
[PlyCount "60"]
[EventDate "2018.08.25"]
[EventType "tourn"]
[EventCountry "GER"]
[SourceTitle "playchess.com"]
[Source "ChessBase"]
[SourceQuality "1"]

{[%evp 11,60,1,0,0,2,0,0,-27,-13,-27,-13,-18,-19,-26,-33,-72,-72,-72,-66,-87,-78,-128,-128,-160,-174,-344,-327,-341,-341,-339,-324,-427,-427,-386,-295,-290,-302,-295,-258,-305,-193,-360,-335,-359,-347,-417,-276,-1759,-1689,-1725,-1677]} 1. d4 Nf6 2. Nf3 d6 3. c3 Nbd7 4. Bg5 h6 (4... g6 5. Nbd2 Bg7 6. e4 h6 7. Bh4 g5 8. Bg3 Nh5 9. Bd3 e6 10. Qe2 O-O 11. O-O-O Qe7 12. e5 g4 13. exd6 cxd6 14. Nh4 Nxg3 15. hxg3 Qg5 16. Kb1 d5 {1-0 (24) Harikrishna,P (2726)-Caruana,F (2791) Dubai 2014}) 5. Bh4 g5 6. Bg3 {A46: 1 d4 Nf6 2 Nf3 e6: Torre, London and Colle Systems} Nh5 {LiveBook: 7 Games} 7. e4 Bg7 8. Na3 $146 {The position is equal.} ({Predecessor:} 8. Bc4 e6 9. Nbd2 Qe7 10. Qe2 f5 11. Ng1 Nhf6 12. exf5 exf5 {0-1 (38) Garcia Ortega Mendez,J (2102)-Aguera Naredo,J (2365) Calvia 2007}) 8... c5 9. dxc5 Nxc5 {[%cal Bd7c5,Bc5e4,Be4g3][%mdl 32]} 10. Bb5+ Bd7 11. Qe2 Bxb5 12. Nxb5 Qb6 13. O-O Nxg3 14. hxg3 {[#]} Nxe4 $1 15. Rfe1 d5 16. c4 O-O 17. a4 a6 {[%cal Ba7a6,Ba6b5][%mdl 32]} 18. cxd5 $2 (18. Nc3 {is a better defense.} Nxg3 19. Qc2 dxc4 20. Nd5) 18... Nxg3 $1 $19 (18... axb5 19. Qxe4 Bxb2 20. a5 $15) 19. Qxe7 axb5 20. a5 Qa7 ({Less strong is} 20... Rxa5 21. Rxa5 Qxa5 22. fxg3 $17) 21. Nxg5 hxg5 22. Qxg5 Qd4 {[#] Threatens to win with ...Ne4.} 23. Qxg3 Qxd5 ({Don't play} 23... Qxb2 24. Rad1 $19) 24. Rad1 Qf5 25. b4 Rac8 26. Rd4 $2 (26. Qd3 Qxd3 27. Rxd3) 26... Rfe8 27. Red1 Rc4 28. Rd5 Qc2 29. R1d2 $2 (29. Qg5) 29... Re1+ 30. Kh2 Qh7+ {Precision: White = 28%, Black = 88%.} 0-1